Minerały, z których pozyskujemy surowce - Statystyki

Ogólne statystyki
  • Ten quiz został rozwiązany 10 razy
  • Średni wynik to 7 z 46
Statystyki odpowiedzi
Hint Odpowiedź % Poprawnych
(ołów) PbS galena
80%
(żelazo) Fe3O4 magnetyt
60%
(żelazo) Fe2S piryt
60%
(antymon) Sb2S3 antymonit
50%
(miedź) CuFeS2 chalkopiryt
50%
(żelazo) Fe2O3 hematyt
50%
(miedź) Cu2O kupryt
40%
(mangan) MnO(OH) manganit
40%
(molibden) MoS2 molibdenit
40%
(cynk) ZnS sfaleryt
40%
(chrom) FeCr2O4 chromit
30%
(żelazo) FeAsS arsenopiryt
20%
(uran) UO2 blenda uranowa
20%
(miedź) Cu2S chalkozyn
20%
(cyna) SnO2 kasyteryt
20%
(miedź) CuS kowelin
20%
(żelazo) FeS2 markasyt
20%
(żelazo) FeO(OH) goethyt
10%
(kobalt) CoAsS kobaltyn
10%
(mangan) CoMn4[Si5O15] rodonit
10%
(kobalt) CoAs3 skutterudyt
10%
(żelazo) FeCO3 syderyt
10%
(wolfram) CaWO4 szelit
10%
(uran) UO2/UO3 uraninit
10%
(fosforyty) Ca5[(FClOH)(PO4)3] apatyt
0%
(boksyty) xAlO(OH) bemit
0%
(miedź) Cu5FeS4 bornit
0%
(mangan) Mn2+Mn3+6SiO4O20 braunit
0%
(mangan) MnCO3 dialogit
0%
(boksyty) AlO(OH) diaspor
0%
(wolfram) FeWO4 ferberyt
0%
(nikiel) (NiMg)4(OH)4(Si4O10)x4H2O garnieryt
0%
(mangan) Mn3O4 hrusmanit
0%
(wolfram) MnWO4 hubneryt
0%
(boksyty) Al(OH)3 hydraglit
0%
(uran) K2(UO2)2(VO4)2·2H2O karnotyt
0%
(chrom) PbCrO4 krokoit
0%
(żelazo) Fe2O3xH2O limonit
0%
(mangan) MnO2 piroluzyt
0%
(molibden) CaMoO4 powelit
0%
(mangan) (Ba,Mn2+)3(O,OH)6Mn8O16 psylomelan
0%
(cynk) ZnCO3 smitsonit
0%
(cyna) Cu2SnS4 stanin
0%
(miedź) CuO tenoryt
0%
(antymon) NiSbS ulmanit
0%
(molibden) PbMoO4 wulfenit
0%
Nie znaleziono quizów pasujących do podanych kryteriów
Rozkład punktacji
Procent ludzi z każdym wynikiem
Percentyl według liczby udzielonych odpowiedzi
Twoja historia wyników
Nie rozwiązałeś tego quizu